Texas Counties - Sudden Death - Statistics

General Stats
  • This quiz has been taken 75 times
    16 since last reset
  • The average score is 13 of 26
Answers on the Grid
Answers color-coded by a green-red scale on the quiz's grid according to % correct below.
Pecos
Reeves
Terrell
El Paso
Webb
Tarrant
Dallam
Harris
Bexar
Collin
Delta
Orange
Culberson
Hudspeth
Loving
Kerr
Crane
Reagan
Ector
Midland
Val Verde
Presidio
Jeff Davis
Red River
Foard
Durango
Eddy
Dona Ana
Lea
Los Alamos
Luna
Colfax
Mora
Quay
Otero
Carter
Choctaw
Love
Texas
Seminole
Baxter
Benton
Calhoun
Hempstead
Sebastian
Alamo
John
Hoover
Tawakoni
Kiowa
 
Answer Stats
Answer % Correct
Culberson
75%
Delta
75%
El Paso
75%
Kerr
75%
Presidio
75%
Tarrant
75%
Calhoun
50%
Crane
50%
Dallam
50%
Harris
50%
Hudspeth
50%
Jeff Davis
50%
Midland
50%
Orange
50%
Pecos
50%
Red River
50%
Reeves
50%
Webb
50%
Bexar
25%
Collin
25%
Ector
25%
Foard
25%
Loving
25%
Reagan
25%
Terrell
25%
Val Verde
25%
No matching quizzes found
Score Distribution
Percent of People with Each Score
Percentile by Number Answered
Your Score History
You have not taken this quiz since the last reset